01281nam a22002057a 4500003000400000005001700004008004100021040002800062100004900090245015200139260003600291300001300327502013900340504005200479505033700531650002800868650004500896700004900941830008500990OSt20190325192031.0151207b xxu||||| |||| 00| 0 esp d cDO-SdBJHaDO-SdBJHbspa1 aCamejo Rodríguez, Carlos A. esustentante aValoración geoeconómica del Caribe y las influencias de las grandes potencias / cCarlos A. Camejo Rodríguez ; Orlando González Rodríguez aSanto Domingo :bINSUDE, c2004 a69 hojas aTrabajo de grado (Estudios Geopolíticos). -- Instituto Superior para la Defensa (INSUDE). Instituto de Estudios Geopolíticos, 2004 aIncluye referencias bibliográficas e índice aEl Caribe. -- Marco histórico de la región del Caribe y la influencias de las grandes potencias. -- La crisis del modelo económico y su impacto en la región del Caribe. -- La región del Caribe, valoración Geoeconómica,desafíos y perspectivas de la región del Caribe, desde el punto de vista político económico  4aGeoeconomia-Gran Caribe 4aGeopolitica-Estados Unidos-Union Europea1 aGonzález Rodríguez, Orlandoesustentante aINSUDE. Instituto de Estudios Geopoliticos. Tesis y disertaciones académicas